MDQL
is popping MORE tags! Check the
thread
!
Quizzes
Events
Quiz Creation
Community
Videos
Private Events
Remove Ads
Sign In
Join for FREE
Feedback
Dark Mode
Quiz Categories
Sports
Geography
Music
Movies
Television
Just For Fun
Miscellaneous
History
Literature
Language
Science
Gaming
Entertainment
Religion
Holiday
For Kids
Quiz Lab
Recent
Popular Today
Quiz Kudos Today
Editor Picks
Curator Picks
Quizzes by...
Day
Popularity
Type
Ratings
Length
Year
Community
Subscriptions
Recent Discussions
Orange Saloon
Badges
Playlists
Quests
Create
Leaderboards
Showdown
Live 5
Trivia Bingo
Activity
Puzzle Library
Sporcle Events
Private Events
Virtual Trivia
Globe League
Become a Host
Pub Owners
SporcleCon
Opinionation
Our Games
Videos
Blog
Mobile Apps
Partnerships
Remove Ads and Go Orange
Feedback
History
US Presidents
World Leaders
Politics
Nation
Discovery
War
Decade
Year
Century
Biography
Art
History
US Presidents
World Leaders
Politics
Nation
Discovery
War
Decade
Year
Century
Biography
Art
Random Quiz
Search Sporcle
×
Editor Pick
Editor Pick
History
Company
Type in answers that appear in a list
Type in answers that appear in a list
Classic
Best Score? Go Orange.
Dow Jones - 1990 vs. 2010 Stats
Can you name the Dow Jones Index Companies, 1990 vs. 2010?
By
kbau
7m
60 Questions
1,576 Plays
1,576 Plays
1,576 Plays
Comments
Comments
Give Quiz Kudos
Give Quiz Kudos
-
- Ratings
hide this ad
Replay
Link that replays current quiz
Next Quiz
Link to next quiz in quiz playlist
You Got
0%
They Got
Avg Score
43%
Avg Friend Score
Upgrade to see
Score Distribution
Jump to the score distribution portion of the page
Score
0/60
Timer
07:00
0
Plays Today
Year
Company
% Correct
1990
General Motors Corporation
81.7%
1990
Coca-Cola Company
81.4%
2010
Coca-Cola Company
81.4%
2010
Wal-mart Stores Incorporated
79.8%
1990
American Telephone & Telegraph
78.4%
2010
AT&T Incorporated
78.4%
2010
Exxon Mobil Corporation
77.3%
1990
Exxon Corporation
77.2%
2010
Microsoft Corporation
76%
1990
General Electric Company
74.2%
2010
General Electric Company
74.2%
1990
Boeing Company
73%
2010
Boeing Corporation
73%
2010
Home Depot Incorporated
63.1%
1990
International Business Machines
61.1%
2010
International Business Machines
61.1%
2010
Bank of America Corporation
59.3%
2010
Verizon Communications Inc.
55.3%
1990
Eastman Kodak Company
55.1%
2010
J.P. Morgan Chase & Company
54.1%
1990
McDonald's Corporation
48.9%
2010
McDonald's Corporation
48.9%
1990
Chevron Corporation
47.7%
2010
Chevron Corporation
47.7%
2010
Kraft Foods Inc.
44.4%
2010
Walt Disney Company
44.4%
1990
DuPont
43.2%
2010
DuPont
43.2%
2010
Johnson & Johnson
41.5%
1990
Aluminum Company of America
40.6%
Year
Company
% Correct
2010
Alcoa Incorporated
40.6%
1990
Philip Morris Companies
40%
1990
Procter & Gamble Companies Inc.
39.1%
2010
Procter & Gamble Company
39.1%
1990
Minnesota Mining & Manufacturing
38.1%
2010
3M Company
38.1%
1990
Sears Roebuck & Company
37.2%
1990
American Can
36%
2010
Pfizer Incorporated
35.9%
2010
Intel Corporation
35.1%
1990
USX Corporation
34.7%
2010
Hewlett-Packard Company
31.5%
1990
Texaco Incorporated
29.8%
1990
Merck & Company
26.4%
2010
Merck & Company
26.4%
2010
Cisco Systems, Inc.
25.9%
2010
Caterpillar Incorporated
24%
1990
American Express
21.8%
2010
American Express Company
21.8%
2010
Travelers Companies
18.3%
1990
United Technologies Corporation
16.3%
2010
United Technologies Corporation
16.3%
1990
International Paper Company
12.8%
1990
Bethlehem Steel
7%
1990
Goodyear
5.8%
1990
Woolworth
5.6%
1990
Westinghouse Electric
4.8%
1990
Union Carbide
3.6%
1990
Allied-Signal Incorporated
3.4%
1990
Navistar International Corporation
2.3%
Quiz Playlist
Details
Report
Send in Message
Add To Playlist
Classic:
Type in answers that appear in a list
Last Updated: Mar 25, 2017
Editor Pick in
History
Quiz Scoreboard
CHALLENGE
Sign Up to Join the Scoreboard
Show All
Scores
Hide
Comments
May contain spoilers
Recently Published
Two Season TV Shows II
by 123Four
Television
10m
Image Sorting: Flags VI
by Barbecue
Geography
2m
Find the 'City' Movie
by crazypaving
Movies
60s
More to Explore
Quiz From the Vault
Featured Blog Post
14 Easter Pick-up Lines to Find Eggs With
hide this ad
You Might Also Like...
Tags
Company Quiz
1990
2010
date
Dow
Dow Jones
Index
Index Companies
Today's Top Quizzes in History
Browse History
hide this ad
Today's Top Quizzes in Company
Browse Company
Top Contributed Quizzes in History
1
I Am Born On March 29th
2
Order Up: 1000 Years of World Events I
3
US National Parks Named After People
4
Popular People in 1991
5
Popular People in 1951
6
Popular People in 1941
7
Popular People in 1981
8
Popular People in 1986
9
Popular People in 1921
10
Popular People in 1976
Explore More
Trending Topics
Kpop
NBA
Disney
Harry Potter
Anime
Marvel
Crossword
Country
Soccer
Puzzle
The Office
Song
WWE
NFL
Pokémon
hide this ad
More By:
kbau
Quiz
Plays
Rating
Category
Featured
Created
States with over 50% Gun Ownership
130,495
4.38
Geography
Jan 21, 2010
Dow Jones - 1990 vs. 2010
1,576
3.93
History
Jan 22, 2010
Best-selling Candies (U.S.)
1,122
3.55
Miscellaneous
Feb 21, 2010
Top Men's Tennis Players
383
3.50
Sports
Jan 21, 2010
Go to Creator's Profile
Score Distribution
Quiz Creator Spotlight
kbau
Follow
Send a Message
Quizzes Created
-
Created Quiz Play Count
-
More By This Creator
Popular Quizzes Today
1
Find the US States - No Outlines Minefield
2
Colored Red Africa Blitz
3
Find the 'City' Movie
4
5x2 Blitz: Bands
5
The Countries of the World
6
Find the Countries of Europe - No Outlines Minefield
7
Find the US States
8
US States
More History Quizzes
'J' in History
Published
Trending Quizzes
Colored Red Europe Blitz I
Colored Red Africa Blitz II
Colored Red Europe Blitz II
Colored Red Africa Blitz III
Even More Two Season TV Shows
Recently Updated
March Madness Men's Triple Doubles
pecheneg
How Do You Spell That?
pecheneg
Godzilla Movies
pecheneg
Grab Bag: 4-10 Letters
pecheneg
2024 March Madness Bracket
pecheneg
Famous TV Couples
Peacemaker
Champions League XIs: Real Madrid
pecheneg
Largest US Cities 1790-2010
pecheneg
Rides in Walt Disney World
pecheneg
Most Oscar Losses (Acting)
pecheneg
Trending Topics
Crossword
Disney
Anime
NBA
Kpop
Marvel
Harry Potter
Puzzle
Pokémon
Country
NFL
Song
The Office
Soccer
WWE
Your Account Isn't Verified!
In order to create a playlist on Sporcle, you need to verify the email address you used during registration. Go to your
Sporcle Settings
to finish the process.
Report this User
Report this user for behavior that violates our
Community Guidelines
.
Details:
Send Report
Go to the Sporcle.com Mobile Site →
Comments